000 00705nam a2200289Ia 4500
005 20260324112250.0
008 008 260324s9999 xx 000 0 eng d
020 _a9781003031123
037 _aEBOOK
040 _aCRL
040 _beng
040 _cCRL
041 _2eng
041 _aeng
084 _qCRL
100 _aHelmut K. Anheier; Darinka Markovic
_91141973
245 0 _aGender Equality and the Cultural Economy
245 0 _bComparative Perspectives
260 _bTaylor and Francis
260 _c2024
365 _a
365 _b220
856 _uhttp://www.taylorfrancis.com/books/9781003031123
942 _cEBOOK
999 _c1731118
_d1731118